000 00455nam a22001697a 4500
005 20251108171906.0
008 250721s9999 xx 000 0 ara d
082 1 4 _aط/ق/حكا
245 1 0 _aحكاية معطف الإخفاء /
264 _bدار البحار،
_c[19-].
300 _a29ص
490 0 _aحكايات جدتي ؛ 5
650 1 7 _aالأدب العربي
650 1 7 _aأدب الأطفال
942 _2ddc
_cBK
999 _c65333
_d65333